000 00872nam a2200277 i 4500
001 000012073
003 DO-SdBNP
005 20250203093154.0
007 ta
008 091104s1998 dr 001 j spa d
040 _aDO-SdBNP
_bspa
_cBNPHU
_erda
041 _aspa
082 4 _aRD863.44
_bM379di
_222
100 1 _aMartín Gómez, Luis,
_d1962-
_eautor
_923176
_4aut.
245 1 0 _aDialecto :
_bcuentos /
_cLuis Martín Gómez.
264 1 _aSanto Domingo, República Dominicana :
_bEdición el arco y la lira,
_c1998.
300 _a101 páginas ;
_c21 cm.
336 _ardacontent
_btexto
_2txt
337 _ardamedia
_bsin mediación
_2n
338 _ardacarrier
_bvolumen
_2nc
590 _aInventariado, 2020 /LP
650 0 _aCuentos dominicanos
_9176
650 0 _aLiteratura dominicana.
_967
910 _aValidado. Control de calidad BNPHU
942 _2ddc
_cLBS1
999 _c11740
_d11740